000 00396nam a2200145Ia 4500
008 230917s9999||||xx |||||||||||||| ||und||
040 _e129977
_aMAIN
041 _aEnglish
082 _a642.4 S72O
100 _aShock, Patti J
245 0 _aOn-premise catering: Hotels, Convention and Conference Centers, and Clubs
260 _aNew York
_bJohn Wiley
_c2001
300 _a438 p.
942 _cBK
999 _c152395
_d152395